Islam and Social Ethics / (Record no. 194943)

MARC details
000 -LEADER
fixed length control field 00504nam a22001697a 4500
005 - DATE AND TIME OF LATEST TRANSACTION
control field 20230317170003.0
010 ## - LCCN (DPL NO)
LC control number ENG-136097
020 ## - INTERNATIONAL STANDARD BOOK NUMBER
Terms of availability 25.00
035 ## - SYSTEM CONTROL NUMBER
System control number EN-119629
037 ## - SOURCE OF ACQUISITION
Source of stock number/acquisition DBAD/PUB
082 ## - DEWEY DECIMAL CLASSIFICATION NUMBER
Classification number 270
245 ## - TITLE STATEMENT
Title Islam and Social Ethics /
260 ## - PUBLICATION, DISTRIBUTION, ETC. (IMPRINT)
Place of publication, distribution, etc New Delhi
Name of publisher, distributor, etc Markazi Maktaba Islami Publishers
Date of publication, distribution, etc 2008
270 ## - ADDRESS
Address D-307 Abul Fazi Enclave Jamia Nagar Okhla
City New Delhi
Postal code 110025
Electronic mail address mmipublishers@gmail.com
300 ## - PHYSICAL DESCRIPTION
Extent 72p.
Dimensions 22cm(pbk)
942 ## - ADDED ENTRY ELEMENTS (KOHA)
Source of classification or shelving scheme Dewey Decimal Classification
Item type English Books
Classification part 270
Call number suffix ISL
Holdings
Withdrawn status Lost status Not for loan Collection code Home library Current library Date acquired Source of acquisition Cost, normal purchase price Full call number Barcode Copy number Cost, replacement price Koha item type
      Non-fiction Katevara Katevara 01/02/2023 DBAD/PUB 25.00 270 ISL EN-119629 1 25.00 English Books

© Delhi Public Library
Hit Counter
free hit counter